000
00298 a2200109 4500
001
120149
020
_a
978-85-7783048-0
040
_c
Escola Canadense de Niteroi
100
_a
Secretaria de Educação Básica
245
1
0
_a
Diretrizes Curriculares Nacionais para a Educação Infantil
942
_c
BK
999
_c
120149
_d
120149